000 00392nam a22001697a 4500
003 MPLRDC
005 20220104143505.0
008 210129b ||||| |||| 00| 0 eng d
082 _a857.7 LZC
100 _a李志超
245 _a暗中杀人
_c
250 _a第一版
260 _a
_b壹出版有限公司
_c1997
300 _b
650 _a长篇小说
942 _cBK
_o857.7 LZC
999 _c40423
_d40413